English Words of Celtic Origin - Statistics

General Stats
  • This quiz has been taken 84 times
  • The average score is 5 of 8
Answer Stats
Description Language Word % Correct
Domestic or tamed animal kept for companionship or pleasure Scottish Gaelic Pet
88%
Spirit distilled from malted grain, especially barley or rye. Scottish Gaelic Whisky
81%
Light spear thrown in a competitive sport or as a weapon. Gaulish Javelin
78%
Low-growing clover-like plant with three-lobed leaves, used as the national emblem of Ireland. Irish Shamrock
76%
Dog of a short-legged breed with a foxlike head. Welsh Corgi
72%
Accredited diplomat sent by a state as its permanent representative in a foreign country. Gaulish Ambassador
69%
Estimate of income and expenditure for a set period of time. Gaulish Budget
42%
Violent young troublemaker, typically one of a gang. Irish Hooligan
37%
No matching quizzes found
Score Distribution
Percent of People with Each Score
Percentile by Number Answered
Your Score History
You have not taken this quiz